Normal view
MARC view
- Degremont,
Entry Personal Name
001 - CONTROL NUMBER
- control field: 6969
003 - CONTROL NUMBER IDENTIFIER
- control field: OSt
005 - DATE AND TIME OF LATEST TRANSACTION
- control field: 20250120113109.0
008 - FIXED-LENGTH DATA ELEMENTS
- fixed length control field: 250120|| aca||aabn | a|a d
040 ## - CATALOGING SOURCE
- Original cataloging agency: OSt
- Transcribing agency: OSt
100 ## - HEADING--PERSONAL NAME
- Personal name: Degremont,
670 ## - SOURCE DATA FOUND
- Source citation: Work cat.: (OSt)5417: Degremont, ., Water treatment hand book vol-2 / , 1991.
